| 000 | 00854cam5a220024100 4500 | ||
|---|---|---|---|
| 001 | lce00586592 | ||
| 008 | 711020r19661965ilu 000 0 eng | ||
| 010 | _a 66024412 //r872 | ||
| 035 | _a(Sirsi) r89732 | ||
| 035 | _a(DLC) 66024412 //r872 | ||
| 035 | _a(UPRA)lce00586592 | ||
| 043 | _an-us--- | ||
| 050 | 0 |
_aE185.615 _b.E2 |
|
| 082 | _a323.40973 | ||
| 130 | 0 | _aEbony. | |
| 245 | 1 | 4 |
_aThe white problem in America, _cby the editors of Ebony. |
| 260 |
_aChicago, _bJohnson Pub. Co., _c1966. |
||
| 500 | _a"First published as a special issue of Ebony magazine, August, 1965." | ||
| 650 | 0 |
_aAfro-Americans -- Civil rights. _xAfro-Americans -- Civil rights. _6S6491.1 |
|
| 651 | 0 |
_aUnited States -- Race relations. _xUnited States -- Race relations. _6S2873.1 |
|
| 949 |
_aE185.615 _wlcc _i33729002081508 _mMAIN _tBOOK _lON-SHELF |
||
| 004 | 89732 | ||
| 999 |
_c201873 _d201873 |
||